00331pab a2200121 454500008004000000100002400040245005100064260000900115300001300124362001000137650002800147773003400175180718b2008 xxu||||| |||| 00| 0 eng d aKumar, Rama Sampath aFrom Kosovo to Georgia: the US NATO and Russia c2008 ap.24-31. a6 Sep aInternational relations aEconomic and Political Weekly